Современный чешско-русский словарь (Запись № 769928)

Подробности
000 -МАРКЕР
контрольное поле 01739nam0a2200409 4500
001 - ИДЕНТИФИКАТОР ЗАПИСИ
контрольное поле RU\NLR\bibl\742367
005 - ИДЕНТИФИКАТОР ВЕРСИИ
контрольное поле 20260405082953.0
010 ## - МЕЖДУНАРОДНЫЙ СТАНДАРТНЫЙ НОМЕР КНИГИ (ISBN)
Номер (ISBN) 5-17-026158-6
Уточнения АСТ
010 ## - МЕЖДУНАРОДНЫЙ СТАНДАРТНЫЙ НОМЕР КНИГИ (ISBN)
Номер (ISBN) 5-271-09907-5
Уточнения Астрель
010 ## - МЕЖДУНАРОДНЫЙ СТАНДАРТНЫЙ НОМЕР КНИГИ (ISBN)
Номер (ISBN) 5-9660-0393-9
Уточнения Люкс
Тираж 3000
021 ## - НОМЕР ГОСУДАРСТВЕННОЙ РЕГИСТРАЦИИ
Код страны российская федерация
Номер 2004-65639
Номер Листа государственной регистраци 3234
035 ## - ДРУГИЕ СИСТЕМНЫЕ НОМЕРА
Идентификатор записи (NLR Aleph) 000732232
100 ## - ДАННЫЕ ОБЩЕЙ ОБРАБОТКИ
Данные общей обработки 20041021d2004 |||y0rusy50 ca
101 0# - ЯЗЫК РЕСУРСА
Язык текста, звукозаписи и т.д. русский
-- чешский
102 ## - СТРАНА ПУБЛИКАЦИИ ИЛИ ПРОИЗВОДСТВА
Страна публикации российская федерация
105 ## - ПОЛЕ КОДИРОВАННЫХ ДАННЫХ: ТЕКСТОВЫЕ МАТЕРИАЛЫ, МОНОГРАФИЧЕСКИЕ
Кодированные данные о монографическом текстовом документе y |||||||||
200 1# - ЗАГЛАВИЕ И СВЕДЕНИЯ ОБ ОТВЕТСТВЕННОСТИ
Основное заглавие Современный чешско-русский словарь
Параллельное заглавие Česko-ruskў slovnik
Сведения, относящиеся к заглавию ок. 11000 слов
Первые сведения об ответственности Д. А. Длуги, Б. Г. Раевский
Язык параллельного заглавия чешский
210 ## - ПУБЛИКАЦИЯ, РАСПРОСТРАНЕНИЕ И ДР.
Место издания, распространения и т.д. М.
Имя издателя, распространителя и т. д. АСТ [и др.]
Дата издания, распространения и т.д. 2004
215 ## - ФИЗИЧЕСКАЯ ХАРАКТЕРИСТИКА
Специфическое обозначение материала и объем 192 с.
Размеры 21
300 ## - ОБЩИЕ ПРИМЕЧАНИЯ
Текст примечания На обл. авт. не указаны
510 1# - ПАРАЛЛЕЛЬНОЕ ЗАГЛАВИЕ
Связь между полями z11790
Параллельное заглавие Česko-ruskў slovnik
Язык заглавия чешский
606 0# - НАИМЕНОВАНИЕ ТЕМЫ КАК ПРЕДМЕТ
Наименование темы Русский язык
Тематический подзаголовок Словари
-- Чешский язык
Системный номер авторитетной/нормативной записи 1540558
Идентификатор авторитетной/нормативной записи RU\NLR\auth\66972842
606 0# - НАИМЕНОВАНИЕ ТЕМЫ КАК ПРЕДМЕТ
Наименование темы Чешский язык
Тематический подзаголовок Словари
-- Русский язык
Системный номер авторитетной/нормативной записи 1938049
Идентификатор авторитетной/нормативной записи RU\NLR\auth\661173705
686 ## - ИНДЕКСЫ ДРУГИХ КЛАССИФИКАЦИЙ
Индекс Ш141.12-491перев
686 ## - ИНДЕКСЫ ДРУГИХ КЛАССИФИКАЦИЙ
Индекс Ш141.51-491перев
700 #1 - ИМЯ ЛИЦА - ПЕРВИЧНАЯ ОТВЕТСТВЕННОСТЬ
Код отношения Автор
Материалы, к которым относится поле rus
Графика поля Кириллица
Начальный элемент ввода Длуги
Часть имени, кроме начального элемента ввода Д.А.
Расширение инициалов личного имени Джаннета Александровна
Идентификатор авторитетной/нормативной записи RU\NLR\AUTH\7729513
Системный номер авторитетной/нормативной записи 12542
701 #1 - ИМЯ ЛИЦА - АЛЬТЕРНАТИВНАЯ ОТВЕТСТВЕННОСТЬ
Код отношения Автор
Материалы, к которым относится поле rus
Графика поля Кириллица
Начальный элемент ввода Раевский
Часть имени, кроме начального элемента ввода Б.Г.
Расширение инициалов личного имени Борис Георгиевич
Идентификатор авторитетной/нормативной записи RU\NLR\AUTH\7729519
Системный номер авторитетной/нормативной записи 12548
790 #1 - ИМЯ ЛИЦА - АЛЬТЕРНАТИВНАЯ ФОРМА
Код отношения Автор
Материалы, к которым относится поле rus
Графика поля Латинская
Начальный элемент ввода Dlugi
Часть имени, кроме начального элемента ввода D.A.
Расширение инициалов личного имени Džanneta Aleksandrovna
Идентификатор авторитетной/нормативной записи RU\NLR\auth\7729514
Системный номер авторитетной/нормативной записи 12543
790 #1 - ИМЯ ЛИЦА - АЛЬТЕРНАТИВНАЯ ФОРМА
Код отношения Автор
Материалы, к которым относится поле rus
Графика поля Латинская
Начальный элемент ввода Raevskij
Часть имени, кроме начального элемента ввода B.G.
Расширение инициалов личного имени Boris Georgievič
Идентификатор авторитетной/нормативной записи RU\NLR\auth\7729520
Системный номер авторитетной/нормативной записи 12549
801 #0 - ИСТОЧНИК ЗАПИСИ
Страна российская федерация
Организация NLR
Дата составления 20041227
Правила каталогизации PSBO
801 #1 - ИСТОЧНИК ЗАПИСИ
Страна российская федерация
Организация NLR
Дата составления 20041227
830 ## - ОБЩЕЕ ПРИМЕЧАНИЕ, СОСТАВЛЕННОЕ КАТАЛОГИЗАТОРОМ
Текст примечания Авт. по кн.
942 ## - ДОПОЛНИТЕЛЬНЫЕ ЭЛЕМЕНТЫ ЗАПИСИ (АБИС)
Тип экземпляра АБИС Книга
980 ## - КОЛЛЕКЦИЯ
Название коллекции Национальная библиография
Экземпляры
Тип экземпляра Дата поступления Источник поступления Библиотека постоянного хранения Библиотека текущего хранения Место хранения Шифр хранения Штрих-код Статус не для выдачи Стоимость
Книга 31.03.2005 Обязательный экземпляр РНБ (Московский) РНБ (Московский) Центральная справочная библиотека С 2005-2/134 1-906139    
Книга 31.03.2005 Обязательный экземпляр РНБ (Московский) РНБ (Московский) Центральная справочная библиотека С 2005-2/134 1-906204    
Книга 15.11.2006 Покупка РНБ (Фонтанка) РНБ (Фонтанка) Фонд газет, подручный   2299457   64.80